От имени науки: о суевериях XX в.

Bibliographische Detailangaben
1. Verfasser: Мороз О. П. Олег Павлович
Sprache:Russisch
Veröffentlicht: Москва, Политиздат, 1989
Schlagworte:
Format: MixedMaterials Buch
KOHA link:https://koha.lib.tpu.ru/cgi-bin/koha/opac-detail.pl?biblionumber=253004

MARC

LEADER 00000nam0a2200000 4500
001 253004
005 20231101232813.0
010 |a 5250003745 
020 |a RU  |b 89-39399 
035 |a (RuTPU)RU\TPU\book\275384 
090 |a 253004 
100 |a 20140311d1989 m y0rusy5003 ca 
101 0 |a rus 
102 |a RU 
105 |a y z 000zy 
200 1 |a От имени науки: о суевериях XX в.  |f О. П. Мороз 
210 |a Москва  |c Политиздат  |d 1989 
215 |a 301 с. 
606 1 |a Наука и религия  |2 stltpush  |3 (RuTPU)RU\TPU\subj\45089  |9 64351 
610 1 |a суеверия 
610 1 |a сенсации 
610 1 |a предрассудки 
610 1 |a бессмертие 
610 1 |a гравитация 
686 |a Э212  |v LBC/SL-A  |2 rubbk 
700 1 |a Мороз  |b О. П.  |g Олег Павлович 
801 0 |a RU  |b RuMRKP  |c 19950417  |g psbo 
801 1 |a RU  |b 63413507  |c 20140311 
801 2 |a RU  |b 63413507  |c 20180927  |g RCR 
942 |c BK